| Tag |
First Indicator |
Second Indicator |
Subfields |
| LEADER |
00000ckm a2200000Ii 4500 |
| 001 |
in00004041213 |
| 005 |
20180723113540.0 |
| 007 |
kj ao| |
| 008 |
180514q19381941xx kneng d |
| 035 |
|
|
|a (OCoLC)on1035567632
|
| 040 |
|
|
|a TXA
|b eng
|e rda
|c TXA
|d TXA
|
| 035 |
|
|
|a (OCoLC)1035567632
|
| 090 |
|
|
|a Z996
|b .M85 1938
|
| 049 |
|
|
|a TXAM
|
| 100 |
1 |
|
|a Müller, Hans Alexander,
|d 1888-1962,
|e artist.
|
| 245 |
1 |
0 |
|a Ex libris Book of the Month Club.
|
| 264 |
|
0 |
|c [between 1938 and 1941?]
|
| 300 |
|
|
|a 2 prints :
|b one color ;
|c image 75 x 64 mm, on sheets 14 x 10 cm
|
| 336 |
|
|
|a still image
|b sti
|2 rdacontent
|
| 337 |
|
|
|a unmediated
|b n
|2 rdamedia
|
| 338 |
|
|
|a sheet
|b nb
|2 rdacarrier
|
| 500 |
|
|
|a Title from paper wrapper, in pencil.
|
| 500 |
|
|
|a Proof printings of two versions of a similar image (multiple copies -19 of one, 2 the other), a small pile of books with a vase of flowers on top. [print 1 (2 copies)]Artist's intial "M" in corner of 1 version and 'Ex Libris' banner across top of image - [print 2 (19 copies)] image with no words or signatures.
|
| 500 |
|
|
|a Possibly designed for Harry Scherman (1887-1969) the co-founder of the Book of the Month Club.
|
| 500 |
|
|
|a The Cushing Library/Rare Books copy contains the original wrapper.
|
| 500 |
|
|
|a The Cushing Library/Rare Books copy was acquired as a lot of prints by Hans Alexander Müller which contained the images cataloged separately as [Illustrations for Don Quixote, 1941 Random House edition], Ex libris Book of the Month Club, and Ex libris Scherman, II Fassung.
|
| 580 |
|
|
|a Forms part of The Eduardo Urbina Cervantes Project Collection.
|
| 600 |
1 |
0 |
|a Müller, Hans Alexander,
|d 1888-1962.
|
| 650 |
|
0 |
|a Bookplates, American
|v Specimens.
|
| 650 |
|
0 |
|a Wood-engraving, American
|y 20th century
|v Specimens.
|
| 740 |
|
2 |
|a Illustrations for Don Quixote, 1941 Random House edition.
|
| 740 |
|
2 |
|a Ex libris Scherman, II Fassung.
|
| 994 |
|
|
|a C0
|b TXA
|
| 948 |
|
|
|a cataloged
|b h
|c 2018/5/15
|d o
|e nbehmer
|f 8:39:46 am
|
| 999 |
f |
f |
|s 359621ee-634e-3016-bdfa-b6a748b48fd1
|i 52ff6e1f-b5dc-3c13-9fba-4f2aadcdf5d4
|t 0
|
| 952 |
f |
f |
|p noncirc
|a Texas A&M University
|b College Station
|c Cushing Memorial Library & Archives
|d Cushing: Rare Books (Does not check out)
|t 0
|e Z996 .M85 1938
|h Library of Congress classification
|i unmediated -- sheet
|k print 1
|
| 952 |
f |
f |
|p noncirc
|a Texas A&M University
|b College Station
|c Cushing Memorial Library & Archives
|d Cushing: Rare Books (Does not check out)
|t 0
|e Z996 .M85 1938
|h Library of Congress classification
|i unmediated -- sheet
|k print 2
|
| 998 |
f |
f |
|a Z996 .M85 1938
|s [print 1-print 2]
|t 0
|l Cushing: Rare Books (Does not check out)
|